000 00918nam a22002537a 4500
005 20170123164152.0
010 _aA-844314
020 _c195.00
035 _aA-844314
037 _bCen Lib / Ret
040 _aDPL
_bPN
082 _a954.16
_bਬਲਬੀ
100 _aਬਲਬੀਰ ਮਾਧੋਪੁਰੀ
_9138582
245 _aਦਿੱਲੀ ਇਕ ਵਿਰਾਸਤ /
_cਬਲਬੀਰ ਮਾਧੋਪੁਰੀ
246 _aDilli ek virasat /
_b by Balbir Madhopuri
260 _aਦਿੱਲੀ
_bਆਰਸੀ ਪਬਲਿਸ਼ਰਜ਼
_c1998
270 _aਚਾਂਦਨੀ ਚੌਕ
_bਦਿੱਲੀ
_e110006
300 _a176p.
_c21cm(pbk)
650 _aGeography & history
_9138583
650 _ahistory
_9138584
650 _aਭੂਗੋਲ ਅਤੇ ਇਤਿਹਾਸ
_942593
650 _aਇਤਿਹਾਸ
_9138585
942 _2ddc
_cPN
_h954.16
_mਬਲਬੀ
999 _c110397
_d110397